Achieving sustainable cultivation of cassava / (Record no. 18896)
[ view plain ]
| 000 -LEADER | |
|---|---|
| fixed length control field | 00513cam a22001817a 4500 |
| 020 ## - INTERNATIONAL STANDARD BOOK NUMBER | |
| ISBN | 1786760002 |
| 020 ## - INTERNATIONAL STANDARD BOOK NUMBER | |
| ISBN | 9781786760005 |
| 020 ## - INTERNATIONAL STANDARD BOOK NUMBER | |
| ISBN | 9781786760043 |
| 020 ## - INTERNATIONAL STANDARD BOOK NUMBER | |
| ISBN | 1786760045 |
| 040 ## - CATALOGING SOURCE | |
| Transcribing agency | YDX |
| 082 00 - DEWEY DECIMAL CLASSIFICATION NUMBER | |
| Classification number | 633 CAR 1991 C153 Or. |
| 245 00 - TITLE STATEMENT | |
| Title | Achieving sustainable cultivation of cassava / |
| 300 ## - PHYSICAL DESCRIPTION | |
| Number of Pages | 2 volumes : |
| Other physical details | illustrations (some color), color maps ; |
| Dimensions | 24 cm |
| 490 1# - SERIES STATEMENT | |
| Series statement | Burleigh Dodds series in agricultural science ; |
| 650 #0 - SUBJECT ADDED ENTRY--TOPICAL TERM | |
| Topical Term | Cassava. |
| 700 1# - ADDED ENTRY--PERSONAL NAME | |
| Personal name | Hershey, Clair H., |
| 942 ## - ADDED ENTRY ELEMENTS (KOHA) | |
| Koha item type | ADB |
| 952 ## - LOCATION AND ITEM INFORMATION (KOHA) | |
| Withdrawn status [LOCAL, KOHA] | 0 |
| Koha item type | Source of acquisition | Lost status | Permanent Location | Current Location | Date acquired | Full call number |
|---|---|---|---|---|---|---|
| សៀវភៅភាសាអង់គ្លេស | A38294 | Library Block C | Library Block C | 2020-02-07 | 633 CAR 1991 C153 Or. |